The feynman lectures on physics, the definitive edition. (Record no. 30323)
[ view plain ]
| 000 -LEADER | |
|---|---|
| fixed length control field | 00885 a2200229 4500 |
| 020 ## - INTERNATIONAL STANDARD BOOK NUMBER | |
| International Standard Book Number | 978-81-317-2169-8 |
| 020 ## - INTERNATIONAL STANDARD BOOK NUMBER | |
| International Standard Book Number | 978-81-317-2169-8 |
| 082 ## - DEWEY DECIMAL CLASSIFICATION NUMBER | |
| Classification number | 530 |
| 090 ## - LOCALLY ASSIGNED LC-TYPE CALL NUMBER (OCLC); LOCAL CALL NUMBER (RLIN) | |
| -- | 1715 |
| -- | 1715 |
| 100 1# - MAIN ENTRY--PERSONAL NAME | |
| Personal name | Feynman, Richard P. |
| 245 14 - TITLE STATEMENT | |
| Title | The feynman lectures on physics, the definitive edition. |
| Number of part/section of a work | Volume 2 / |
| Statement of responsibility, etc. | Richard P. Feynman, Robert B. Leighton, Matthew Sands. |
| 250 ## - EDITION STATEMENT | |
| Edition statement | 2nd ed. |
| 260 ## - PUBLICATION, DISTRIBUTION, ETC. | |
| Place of publication, distribution, etc. | [S.l.] : |
| Name of publisher, distributor, etc. | Addison Wesley, |
| Date of publication, distribution, etc. | 2005. |
| 300 ## - PHYSICAL DESCRIPTION | |
| Extent | 512 p. ; |
| Dimensions | 29 cm. |
| 490 1# - SERIES STATEMENT | |
| Series statement | 2nd edition. |
| 700 ## - ADDED ENTRY--PERSONAL NAME | |
| Personal name | Leighton, Robert B |
| 700 ## - ADDED ENTRY--PERSONAL NAME | |
| Personal name | Sands, Matthew |
| 830 ## - SERIES ADDED ENTRY--UNIFORM TITLE | |
| Uniform title | 2nd edition |
| 942 ## - ADDED ENTRY ELEMENTS (KOHA) | |
| Institution code [OBSOLETE] | SNS |
| Koha item type | Book |
| Call number prefix | 530 FEY |
| Withdrawn status | Lost status | Damaged status | Not for loan | Permanent Location | Current Location | Date acquired | Total Checkouts | Full call number | Barcode | Date last seen | Price effective from | Koha item type | Date last checked out |
|---|---|---|---|---|---|---|---|---|---|---|---|---|---|
| School of Natural Sciences (SNS) | School of Natural Sciences (SNS) | 05/26/2016 | 530 FEY | SNS0001913 | 05/26/2016 | 05/26/2016 | Book | ||||||
| School of Natural Sciences (SNS) | School of Natural Sciences (SNS) | 05/26/2016 | 3 | 530 FEY | SNS0001914 | 10/23/2017 | 05/26/2016 | Book | 10/11/2017 |
